000 00948cam a2200301 i 4500
001 3782875
003 ARRUPE
005 20130918170920.0
008 830303t19791978enk b 000 0 eng
010 _a 83460240
015 _aGB***
020 _a0851171753 :
_c£7.50
040 _aDLC
_cDLC
_dDLC
043 _af-sa---
050 0 0 _aKTL41.
_bB5.B594
100 1 _aBiko, Steve,
_d1946-1977.
_9658
245 1 4 _aThe testimony of Steve Biko /
_c[edited by Millard Arnold].
260 _aLondon :
_bM.T. Smith,
_c1979, c1978.
300 _axxxv, 298 p. ;
_c23 cm.
504 _aIncludes bibliographical references.
600 1 0 _aCooper, Sathasivan.
_9659
600 1 0 _aBiko, Steve,
_d1946-1977.
_9660
650 0 _aTrials (Terrorism)
_zSouth Africa
_zPretoria.
_9661
651 0 _aSouth Africa
_xRace relations.
_9662
700 1 _aArnold, Millard W.
_9663
906 _a7
_bcbc
_corignew
_d4
_encip
_f19
_gy-gencatlg
942 _2lcc
_cMONOGRAPH
999 _c117903
_d117903